书目信息 |
| 题名: |
射流技术在航空中的应用
|
|
| 作者: | 《射流技术》编译组 | |
| 分册: | 第三集 | |
| 出版信息: | 北京 国防工业出版社 1971 |
|
| 页数: | ||
| 开本: | ||
| 丛书名: | ||
| 单 册: | ||
| 中图分类: | TP69 | |
| 科图分类: | ||
| 主题词: | 射流技术--应用 | |
| 电子资源: | ||
| ISBN: | ||
| 000 | 00583nam0 2200193 45 | |
| 001 | 0405181662 | |
| 005 | 20040518161029.5 | |
| 010 | @dCNY0.32 | |
| 091 | @a15034.1237 | |
| 100 | @a20040518d1971 km y0chiy0120 ea | |
| 101 | 0 | @achi |
| 105 | @a z 000yy | |
| 200 | 1 | @a射流技术在航空中的应用@h第三集@AShe Liu Ji Shu Zai Hang Kong Zhong De Ying Yong@f《射流技术》编译组@F《She Liu Ji Shu》Bian Yi Zu |
| 210 | @a北京@c国防工业出版社@d1971 | |
| 606 | 0 | @a射流技术@x应用 |
| 690 | @aTP69@v3 | |
| 701 | 0 | @a《射流技术》编译组 |
| 801 | @aCN@bTSTCL@c20040518 | |
| 905 | @f1@b12365@dTP69@e3:3 | |
| 射流技术在航空中的应用.第三集/《射流技术》编译组.-北京:国防工业出版社,1971 |
| ISBN :CNY0.32 |
| ● |
| 相关链接 |
|
|
|
|
正题名:射流技术在航空中的应用
索取号:TP69/3:3
 
预约/预借
| 序号 | 登录号 | 条形码 | 馆藏地/架位号 | 状态 | 备注 |
| 1 | 0012364 | 001643868 | 第二样本阅览室/ [索取号:TP69/3:3] | 在馆 | |
| 2 | 0012365 | 001643877 | 第三借阅区/ [索取号:TP69/3:3] | 在馆 |